000 00582nam a2200157 a 4500
001 4140
005 20140414131935.0
008 090218s19uu xx 00 eng d
050 _aREF 577.54
_bAl5 2005
100 _aAllaby, Michael
245 _aDeserts and semi-deserts.
260 _aAustin, TX :
_bRaintree Steck-Vaughn,
_c2002.
440 _aBiomes atlases
520 _aA comprehensive look at the desert and semidesert biomes, examining their climate, plants, animals, people, and future, plus detailed views of some famous or important desert locations.
999 _c112403
_d112403